000 00868nam a2200217 i 4500
001 42624
003 ES-MaACL
005 20250905063038.0
007 t|
008 030313s1875 sp ||||1| spa d
080 _a929 González Dávila, Gil
080 _a929 Vera y Figueroa, Juan Antonio de, Conde de la Roca
100 1 _aCastro, Adolfo de,
_d1823-1898
_936824
245 1 0 _aSobre el Centón epistolario del bachiller Fernán Gómez de Cibdareal y su verdadero autor, el maestro Gil González Dávila /
_cpor el Excmo. Sr. D. Adolfo de Castro.
260 _aSevilla :
_b[s.n.],
_c1875 (
_fG. Álvarez y Cª)
300 _a133 p. ;
_c21 cm.
600 1 4 _aVera y Figueroa, Juan Antonio de,
_cConde de la Roca.
_tCentón epistolario.
_9156823
600 0 4 _aGonzález Dávila, Gil.
_958527
852 _aES-MaACL
_jT-1250-F-6
999 _c42624
_d42624